| 000 | 00881cam a2200217 i 4500 | ||
|---|---|---|---|
| 005 | 20251108175939.0 | ||
| 008 | 250721s2024 jo gr 000 0 ara d | ||
| 020 | _a9789957653798 | ||
| 082 | 1 | 4 |
_a102 _bد ل ي |
| 100 | 1 |
_aالدليمي، عامر علي سمير _eمؤلف. |
|
| 245 | 1 | 0 |
_aفلسفة الإبداع الفكري وتنمية الوعي الاجتماعي : _bمختارات فلسفية / _cالدكتور عامر علي سمير الدليمي. |
| 250 | _aالطبعة الأولى. | ||
| 264 | 1 |
_aعمان : _bدار المعتز للنشر والتوزيع، _c2024. |
|
| 300 | _a272 صفحة. | ||
| 650 | 1 | 7 | _aالفلسفة الاجتماعية. |
| 650 | 1 | 7 | _aالمدارس الفلسفية. |
| 650 | 1 | 7 | _aالفلسفة المعاصرة. |
| 650 | 1 | 7 | _aالإبداع الفكري. |
| 942 |
_2ddc _cBK |
||
| 999 |
_c146177 _d146177 |
||